000 00603nam a2200205Ia 4500
008 191130s2004##################000#0#eng##
020 _a9781591021520
022 _a2003026191
040 _aACL
_cACL
082 _a306.81 TAY
100 _aTaylor, Richard
245 _aUnderstanding marriage : making it work, or knowing when to leave
_cRichard Taylor
260 _aAmherst, NY
_bPrometheus Books
_cc2004
300 _a166 p. ; 23 cm
500 _aIncludes bibliographical references
650 _aMarriage
990 _aa9556c4fac10000c46d38a096410a56b
991 _a218771
999 _c85709
_d85709